Score 0/15 Timer 02:00
0 Plays Today
# of Letters Capital City % Correct
11Tallahassee
70.1%
10Sacramento
65.4%
12Oklahoma City
59.8%
13Jefferson City
59.8%
12Salt Lake City
53.7%
12Indianapolis
52.8%
10Baton Rouge
44.9%
10Carson City
43.5%
# of Letters Capital City % Correct
10Montgomery
40.7%
10Montpelier
40.2%
11Springfield
39.3%
10Harrisburg
38.8%
10Providence
36.4%
10Little Rock
36.4%
10Charleston
32.2%
Remove Ads.
Support Sporcle.
Get the best of Sporcle when you Go Orange. This ad-free experience offers more features, more stats, and more fun while also helping to support Sporcle. Thank you for becoming a member.

You're not logged in!

Compare scores with friends on all Sporcle quizzes.
OR
Log In

Show Comments

Extras

Top Quizzes Today


Score Distribution

Your Account Isn't Verified!

In order to create a playlist on Sporcle, you need to verify the email address you used during registration. Go to your Sporcle Settings to finish the process.

Report this User

Report this user for behavior that violates our Community Guidelines.

Details: